| 000 | 00926nam a2200241 i 4500 | ||
|---|---|---|---|
| 001 | bg | ||
| 100 | 1 | _aADAMOWICZ, Tadeusz M. | |
| 245 | 1 | 0 |
_aDiagnostyka ośrodków laserowych i wyładowczych na mieszaninach gazów szlachetnych i par metali / _cTadeusz M. Adamowicz. |
| 260 |
_aWarszawa : _bOficyna Wydawnicza PW, _c2003. |
||
| 490 | 1 |
_aPrace Naukowe. Elektronika / Politechnika Warszawska ; _v0137-2343 |
|
| 500 | _aOpis wg okł., w nagł. odm. tyt. serii: Prace Naukowe Politechniki Warszawskiej. - Streszcz. ang. | ||
| 500 | _aPrace Naukowe Politechniki Warszawskiej. | ||
| 500 | _aNumeracja ser. gł. : z. 146. | ||
| 504 | _aBibliogr. | ||
| 650 | 9 |
_aLasery _xbadanie |
|
| 650 | 9 |
_aOptoelektronika _xteoria |
|
| 830 | 0 | _aPrace Naukowe. Elektronika (Politechnika Warszawska) ; | |
| 040 | _cBPK | ||
| 041 | 0 |
_apol _beng |
|
| 080 | _a621.375.826:537.5 | ||
| 942 | _cKS | ||
| 008 | s pl f |000 0 pol | ||
| 999 |
_c43449 _d43449 |
||
| 856 |
_uhttp://koha.tu.koszalin.pl/cgi-bin/koha/opac-detail.pl?biblionumber=43449 _yKatalog online BPK |
||